[Event "Prague Festival Masters 2020"]
[Site "Prague"]
[Date "2020.02.19"]
[Round "7.2"]
[White "Anton Guijarro, David"]
[Black "Ragger, Markus"]
[Result "1/2-1/2"]
[WhiteElo "2697"]
[BlackElo "2670"]
[Annotator "TA"]
[PlyCount "85"]
[EventDate "2020.02.12"]
[EventType "tourn"]
[EventCountry "CZE"]
[SourceTitle "playchess.com"]
[Source "ChessBase"]
[SourceQuality "1"]

{[%evp 21,85,24,27,13,14,16,26,35,29,23,41,21,51,20,21,5,29,0,3,-110,-94,-111,0,0,35,0,0,0,58,45,87,89,93,56,70,58,200,194,218,215,190,184,218,208,214,205,228,220,217,216,403,266,316,106,115,0,0,0,0,0,0,0,0,0,0,0]} 1. d4 Nf6 2. c4 g6 3. f3 c5 4. d5 d6 5. e4 Bg7 6. Nc3 e6 7. Bg5 exd5 8. cxd5 h6 9. Be3 O-O 10. Qd2 Re8 11. Be2 Kh7 {[#]} 12. Rc1 $146 {A65: Modern Benoni: 6 e4.} ({Predecessor:} 12. g4 a6 13. a4 Nbd7 14. Nh3 Ne5 15. O-O Rb8 16. Kg2 Bd7 17. a5 Qe7 18. Nf2 b5 19. axb6 Rxb6 20. Rxa6 {1-0 (51) Flear,G (2445)-Konguvel,P (2343) Saint Affrique 2019}) 12... Qe7 13. b3 (13. Nd1 {seems wilder.} a6 14. b4 Nbd7 15. a3 a5 16. Nh3) 13... Na6 14. Bxa6 {White has an edge.} bxa6 15. Nge2 Nd7 16. O-O Nb6 17. Ng3 a5 18. Bf2 Bd7 19. Nce2 h5 20. Qxa5 (20. Be3 $11 {remains equal.}) 20... h4 $17 21. Nh1 Qg5 ({Black should play} 21... f5 $1 $17 {[%cal Rf5e4]} 22. Nc3 Qg5) 22. Be1 $11 h3 {[%csl Gh3][%cal Rg5g2]} 23. Nhg3 Bd4+ 24. Bf2 hxg2 ({Black should try} 24... Bg7 $11) 25. Kxg2 $14 Bxf2 26. Rxf2 f5 27. h4 $36 {[%mdl 2048] Black is under pressure.} Qh6 28. Rh1 f4 (28... Rf8 $14) 29. Nf1 $18 Re5 {[#]} 30. Kg1 $1 Rh5 {intending ...g5.} 31. Rfh2 Kg8 32. Kf2 Kh7 33. Ke1 Re5 34. Nd2 Qg7 35. Rg1 Rae8 $2 (35... Re7 {is a better defense.} 36. Qc3 (36. Nxf4 $2 Qe5 $19) 36... Qxc3 37. Nxc3 Kh6) 36. Rg5 Nxd5 37. Rxe5 $2 (37. exd5 $2 Re3 $19) (37. Qxa7 R5e7 $11) (37. Nc4 $18 Nb4 38. Nxe5 Rxe5 39. a3 (39. Qxa7 Re7 $11) (39. Nxf4 Qf6 $14) 39... Nd3+ 40. Kd2) 37... Ne3 $16 {[#]} 38. Rxe8 ({Don't blunder} 38. Nxf4 $2 Qxe5 39. Qc7 Re7 $19) ({Don't play} 38. Qxa7 $6 Rxe5 39. Kf2 (39. Nxf4 Re7 $15) 39... Nd1+ 40. Kg1 Ne3 $11) (38. Rxc5 $1 $16 dxc5 39. Qc3 (39. Qxc5 Rc8 $11) (39. Nxf4 Qe5 $17) (39. Qxa7 Qa1+ 40. Kf2 Nd1+ 41. Kg2 Ne3+ 42. Kf2 Nd1+ 43. Kg2 Ne3+ 44. Kf2 $11)) 38... Qa1+ $1 $11 {The position is equal.} 39. Kf2 Nd1+ 40. Kg2 {Strongly threatening Re7+.} Ne3+ 41. Kf2 Nd1+ 42. Kg2 Ne3+ 43. Kf2 {Accuracy: White = 63%, Black = 58%.} 1/2-1/2

[Event "Prague Festival Masters 2020"]
[Site "Prague"]
[Date "2020.02.19"]
[Round "7.3"]
[White "Navara, David"]
[Black "Vitiugov, Nikita"]
[Result "1/2-1/2"]
[WhiteElo "2717"]
[BlackElo "2731"]
[Annotator "TA"]
[PlyCount "83"]
[EventDate "2020.02.12"]
[EventType "tourn"]
[EventCountry "CZE"]
[SourceTitle "playchess.com"]
[Source "ChessBase"]
[SourceQuality "1"]

{[%evp 9,83,0,0,10,0,-14,-14,-17,0,-22,0,0,0,0,0,0,0,-11,0,0,0,0,0,0,0,0,0,0,0,0,0,0,-7,0,0,1,0,7,25,8,11,12,10,8,37,22,14,13,13,24,35,20,10,0,0,0,23,17,10,7,7,7,26,0,0,0,0,0,0,0,0,0,0,0,0,0]} 1. c4 e5 2. g3 c6 3. d4 e4 4. a3 d5 5. Nc3 Nf6 6. Bg2 {A20: English Opening: 1...e5.} Be7 7. f3 exf3 8. Nxf3 O-O 9. O-O h6 10. cxd5 cxd5 {[#]} 11. Nh4 $146 ({Predecessor:} 11. Bf4 Nc6 12. Rc1 Be6 13. Kh1 Rc8 14. Qd3 Re8 15. Qb5 b6 16. Qd3 Bf8 17. Ne5 {½-½ (33) Grigoriants,S (2543)-Brkic,A (2587) Hungary 2019}) 11... Nc6 12. Nf5 Be6 13. g4 Re8 14. Nxe7+ Nxe7 15. g5 hxg5 16. Bxg5 {[#] And now Rxf6 would win.} Nh7 $1 {[%cal Rh7g5]} 17. Bh4 Qd7 18. e3 Nf5 {[%cal Be7f5,Bf5h6,Bh6g4][%mdl 32]} 19. Qe1 Nf8 20. Rd1 Ng6 21. Bg3 Nh6 22. e4 dxe4 23. Qxe4 Re7 24. Nd5 Bxd5 25. Qxd5 Qxd5 26. Bxd5 Ng4 (26... Rd8 $5 {[%cal Rd8d5]} 27. Ba2 Re2 $14) 27. Rd3 Rd8 28. Bb3 Nf6 29. d5 Re2 30. d6 Ne5 31. Rc3 Nc6 $1 32. Rd3 Ne5 33. Bd1 Re4 34. Rc3 Nc4 35. Bf3 Nd2 $1 {[%cal Rd2f1]} 36. Bxe4 Nfxe4 {The position is equal.} 37. Rc7 Nxf1 38. d7 Kf8 $1 ({Much worse is} 38... Nfxg3 $6 39. Rc8 $16) 39. Kxf1 Nxg3+ 40. hxg3 Ke7 41. Rxb7 Rxd7 42. Rb5 {Accuracy: White = 96%, Black = 97%.} 1/2-1/2

[Event "Prague Festival Masters 2020"]
[Site "Prague"]
[Date "2020.02.19"]
[Round "7.4"]
[White "Duda, Jan-Krzysztof"]
[Black "Firouzja, Alireza"]
[Result "0-1"]
[WhiteElo "2755"]
[BlackElo "2726"]
[Annotator "TA"]
[PlyCount "78"]
[EventDate "2020.02.12"]
[EventType "tourn"]
[EventCountry "CZE"]
[SourceTitle "playchess.com"]
[Source "ChessBase"]
[SourceQuality "1"]

{[%evp 11,78,4,10,-29,-22,-34,-23,-100,-98,-115,-114,-125,-87,-104,-113,-112,-117,-125,-81,-120,-123,-106,-65,-65,-69,-98,-52,-93,-60,-89,-91,-115,-127,-121,-119,-136,-65,-189,-124,-148,-166,-150,-152,-173,-178,-195,-168,-166,-140,-244,-280,-264,-233,-245,-270,-233,-244,-798,-792,-755,-726,-1071,-1045,-29979,-29982,-29982,-29983,-29980,-29980]} 1. c4 c6 2. Nf3 d5 3. e3 Nf6 4. Nc3 e6 5. b3 Bd6 6. Bb2 O-O 7. Qc2 {A11: English Opening: 1...c6.} e5 8. Be2 e4 9. Ng5 {[#]} (9. Nd4 $11) 9... h6 $146 ({Predecessor:} 9... Bf5 10. f3 Bg6 11. fxe4 h6 12. Nf3 dxe4 13. Nh4 Bh7 14. O-O Ng4 15. Bxg4 Qxh4 {0-1 (28) Bosboom,M (2405)-Pijpers,A (2462) Belgium 2018}) 10. h4 {next cxd5 is good for White.} Re8 11. Nh3 Na6 12. a3 dxc4 13. Bxc4 b5 14. Be2 b4 15. Nd1 bxa3 16. Bxa3 Nb4 17. Bxb4 Bxb4 18. g3 Ng4 19. Ra2 Qf6 20. Kf1 Bf5 21. Kg2 Rad8 22. Nc3 a5 23. Nf4 Qe5 (23... Qe7 $17 24. h5 Rd6) 24. Rc1 (24. Nb1 $15) 24... Rd6 (24... g5 $19 25. Nh5 gxh4) 25. Qd1 Nf6 26. h5 Red8 $36 {[%mdl 2048] Strongly threatening ...Bxc3. Keeping White busy.} 27. Nb1 g5 28. hxg6 fxg6 (28... Bxg6 29. Rcc2 $11) 29. Qh1 Kg7 (29... Bxd2 $2 30. Rxd2 Rxd2 31. Nxd2 $18) 30. Na3 (30. Kg1 $17 {was necessary.}) 30... Bxa3 $1 $19 ({Inferior is} 30... Rxd2 31. Rxd2 Rxd2 32. Nc4 $16) 31. Rxa3 g5 $1 ({Don't take} 31... Rxd2 32. Rxc6 Bg4 33. Bxg4 $17) 32. Nh5+ Nxh5 33. Bxh5 Rxd2 {aiming for ...Qb2!} 34. Rxc6 $2 {[#]} (34. Ra4 Bg6 35. Rf1 (35. Rxc6 $2 Be8 $19 {[%mdl 64] Skewer})) 34... Bd7 $1 35. Rg6+ {[#]} Kh7 $1 {And now ...Rf8 would win.} 36. Qc1 Be8 37. Rxa5 Qxa5 {Black mates.} 38. Qc4 {[#]} Rxf2+ $1 {[%mdl 576] Decoy} 39. Kxf2 Qf5+ {[%mdl 64] Pin. Accuracy: White = 47%, Black = 69%.} 0-1

[Event "Prague Festival Masters 2020"]
[Site "Prague"]
[Date "2020.02.19"]
[Round "7.5"]
[White "Vidit, Santosh Gujrathi"]
[Black "Harikrishna, Pentala"]
[Result "1/2-1/2"]
[WhiteElo "2721"]
[BlackElo "2713"]
[Annotator "TA"]
[PlyCount "57"]
[EventDate "2020.02.12"]
[EventType "tourn"]
[EventCountry "CZE"]
[SourceTitle "playchess.com"]
[Source "ChessBase"]
[SourceQuality "1"]

{[%evp 16,57,22,20,17,20,39,39,12,21,23,42,29,19,70,13,21,19,11,16,10,21,22,18,15,15,11,0,3,0,0,0,0,0,0,0,0,0,0,0,0,0,0,0]} 1. d4 d5 2. c4 e6 3. Nf3 Nf6 4. Nc3 Be7 5. Bf4 O-O 6. e3 b6 7. Bd3 dxc4 8. Bxc4 Bb7 9. O-O a6 {D37: Queen's Gambit Declined: 5 Bf4.} 10. Qe2 b5 11. Bd3 Nbd7 {White is slightly better.} 12. Rfd1 Rc8 13. Ne5 Qe8 14. Rac1 {[#]} Nxe5 $146 ({Black should play} 14... c5 $11) ({Predecessor:} 14... c5 15. Nxd7 Nxd7 16. Be4 Bxe4 17. Nxe4 Rc6 18. dxc5 e5 19. Bg3 Nxc5 20. Qc2 Rc8 21. Bxe5 Nxe4 22. Qxe4 Rxc1 23. Rxc1 {1-0 (35) Esen,B (2528)-Singer,C (2330) Lienz 2017}) 15. Bxe5 (15. dxe5 $14 Nd5 16. Nxd5 Bxd5 17. Bb1) 15... c5 $11 {The position is equal.} 16. Bxf6 Bxf6 17. dxc5 Rxc5 18. Ne4 Rxc1 19. Nxf6+ gxf6 20. Rxc1 f5 21. Rc7 Bd5 22. Qh5 Qd8 23. Bxf5 exf5 {[#]} 24. Rd7 $1 {[%cal Rd7d8][%mdl 512]} Qxd7 25. Qg5+ Kh8 26. Qf6+ {[%mdl 64] Double Attack} Kg8 27. Qg5+ Kh8 28. Qf6+ {[%mdl 64] [#] Double Attack} Kg8 29. Qg5+ {Accuracy: White = 93%, Black = 92%.} 1/2-1/2

[Event "Prague Festival Masters 2020"]
[Site "Prague"]
[Date "2020.02.20"]
[Round "8.1"]
[White "Harikrishna, Pentala"]
[Black "Ragger, Markus"]
[Result "1/2-1/2"]
[WhiteElo "2713"]
[BlackElo "2670"]
[Annotator "TA"]
[PlyCount "69"]
[EventDate "2020.02.12"]
[EventType "tourn"]
[EventCountry "CZE"]
[SourceTitle "playchess.com"]
[Source "ChessBase"]
[SourceQuality "1"]

{[%evp 18,69,0,0,0,10,1,4,24,31,35,0,0,0,0,0,0,0,0,0,0,-1,0,0,0,0,0,0,0,0,0,0,0,0,0,0,0,0,0,0,0,0,0,0,0,0,0,0,0,0,0,0,0,0]} 1. e4 e5 2. Nf3 Nc6 3. Bb5 a6 4. Ba4 Nf6 5. O-O Be7 6. d3 b5 7. Bb3 d6 8. a3 O-O 9. Nc3 Bg4 10. Be3 Nd4 {C84: Closed Ruy Lopez: Unusual White 6th moves.} 11. Bxd4 exd4 12. Nd5 Nxd5 13. Bxd5 Rc8 14. h3 Bd7 {The position is equal.} 15. Nxd4 c6 16. Bb3 Bf6 $1 {[%cal Rf6d4]} 17. c3 Bxd4 $1 18. cxd4 Qf6 {[#]} 19. e5 $146 ({Predecessor:} 19. Qd2) 19... dxe5 20. dxe5 Qxe5 21. d4 Qf6 22. Rc1 a5 {[%cal Ba6a5,Ba5a4][%mdl 32]} 23. Re1 a4 24. Ba2 Rce8 25. Qd3 g6 26. Qc3 Rxe1+ 27. Rxe1 Re8 28. Rxe8+ Bxe8 29. Bb1 Bd7 30. Be4 h5 31. g3 Qe6 32. Bg2 Qe2 33. h4 Qd1+ 34. Kh2 Qe2 35. Kg1 {Accuracy: White = 95%, Black = 100%.} 1/2-1/2

[Event "Prague Festival Masters 2020"]
[Site "Prague"]
[Date "2020.02.20"]
[Round "8.2"]
[White "Grandelius, Nils"]
[Black "Anton Guijarro, David"]
[Result "0-1"]
[WhiteElo "2659"]
[BlackElo "2697"]
[Annotator "TA"]
[PlyCount "134"]
[EventDate "2020.02.12"]
[EventType "tourn"]
[EventCountry "CZE"]
[SourceTitle "playchess.com"]
[Source "ChessBase"]
[SourceQuality "1"]

{[%evp 12,134,10,7,25,0,0,0,0,0,4,0,0,0,0,0,0,0,0,11,15,0,0,0,0,0,0,0,0,0,0,0,0,0,0,-80,-70,-43,11,0,0,-24,0,-96,-91,-106,-98,-121,-101,-113,-116,-162,-150,-172,-149,-167,-152,-159,-153,-154,-139,-196,-164,-152,-159,-199,-208,-264,-266,-301,-301,-306,-307,-321,-202,-211,-211,-213,-220,-221,-205,-220,-224,-450,-276,-302,-195,-529,-530,-508,-492,-566,-556,-639,-525,-568,-888,-891,-897,-1107,-1114,-1202,-1265,-1281,-1190,-901,-945,-1034,-832,-1115,-933,-2126,-1886,-1534,-1420,-1937,-1852,-29953,-29959,-29947,-29955,-5804,-5114,-29986,-29987]} 1. e4 c5 2. Nf3 Nc6 3. Bb5 g6 4. O-O Bg7 5. c3 Nf6 6. Re1 O-O 7. d4 a6 {B31: Sicilian: 2...Nc6 3 Bb5 g6.} 8. Bd3 d5 9. e5 Ne4 {[#] The position is equal.} 10. Be3 $146 ({Predecessor:} 10. Nbd2 Nxd2 11. Bxd2 Bg4 12. Be3 cxd4 13. cxd4 f6 14. exf6 Bxf6 15. Be2 Qb6 16. Qd2 {0-1 (47) Khanin,S (2500)-Adhiban,B (2654) Moscow 2019}) 10... Qb6 11. Qc2 cxd4 12. cxd4 Bf5 13. Nc3 Nxc3 14. bxc3 Bxd3 15. Qxd3 Na5 16. h4 Qe6 17. Ng5 Qg4 18. f3 Qxh4 19. Re2 $1 {And now g3! would win.} Nc4 {[#]} 20. g3 $1 {[%cal Rg3h4][%mdl 512]} Qxg3+ 21. Rg2 Qh4 22. Rh2 Qg3+ 23. Kh1 {[#]} (23. Rg2 $11 Nxe5 24. Qe2 (24. Rxg3 $2 Nxd3 25. f4 Nb2 $19) (24. dxe5 Qxe5 25. Bd4 Qd6 $11) 24... Nxf3+ 25. Nxf3) 23... Nxe5 $1 $17 ({But not} 23... Nxe3 $6 24. Qxe3 h6 25. Rg1 $11) 24. dxe5 Qxe5 (24... h6 $15 25. Rg1 Qxe5) 25. Bd2 h6 $36 {[%mdl 2048] Black has the initiative.} 26. Nh3 e6 27. Re1 {[#]} (27. Rg1 $11) 27... Qf6 $1 28. Nf2 h5 29. Nh3 Rfc8 30. Ng5 Rc4 31. f4 Rac8 32. Nf3 Ra4 33. Qb1 b5 34. Ne5 Qf5 35. Qxf5 exf5 ({And not} 35... gxf5 36. Rg2 $11) 36. Rh3 d4 37. cxd4 Rxd4 38. Nf3 Rd3 39. Re7 Bc3 40. Bxc3 Rcxc3 ({Don't play} 40... Rdxc3 41. Ng5 $19) 41. Kg2 Rc2+ 42. Kg3 Rc4 43. Re2 b4 44. Rh1 a5 {[%cal Ba6a5,Ba5a4,Ba4a3][%mdl 32]} 45. Rf1 a4 46. Re8+ Kg7 47. Re7 $2 (47. Rf2) 47... b3 48. axb3 Rxb3 49. Re2 $2 (49. Ra7 {is tougher.}) 49... a3 $19 50. Rd2 Ra4 51. Ra2 f6 52. Rh1 Rc4 53. Rf1 {[#]} h4+ $1 {[%mdl 576] Decoy} 54. Kxh4 Rxf4+ 55. Kg3 g5 56. Kg2 Kg6 57. Nd2 Rg4+ 58. Kf2 Rb2 59. Rxb2 axb2 {[%mdl 4096] Endgame KRN-KR} 60. Rb1 Rb4 61. Nf3 f4 62. Ne1 Rb3 63. Ke2 g4 64. Nd3 f3+ 65. Kd2 g3 66. Kc2 Rb8 67. Nxb2 f2 {Accuracy: White = 60%, Black = 89%.} 0-1

[Event "Prague Festival Masters 2020"]
[Site "Prague"]
[Date "2020.02.20"]
[Round "8.3"]
[White "Firouzja, Alireza"]
[Black "Shankland, Sam"]
[Result "1/2-1/2"]
[WhiteElo "2726"]
[BlackElo "2683"]
[Annotator "TA"]
[PlyCount "114"]
[EventDate "2020.02.12"]
[EventType "tourn"]
[EventCountry "CZE"]
[SourceTitle "playchess.com"]
[Source "ChessBase"]
[SourceQuality "1"]

{[%evp 13,114,22,22,25,13,9,24,15,24,15,9,21,29,12,25,30,30,36,38,25,86,21,46,47,36,41,32,26,20,12,12,11,26,32,44,55,47,55,53,43,43,57,49,0,0,0,21,29,23,20,29,34,39,39,40,34,54,55,62,62,62,62,60,62,55,20,28,35,35,2,2,2,3,3,6,0,8,0,0,0,0,0,0,0,0,0,0,0,0,0,0,0,0,4,16,0,0,0,0,0,0,0,0]} 1. e4 e5 2. Nf3 Nc6 3. Bc4 Nf6 4. d3 Bc5 5. O-O d6 6. c3 a6 7. a4 h6 8. Re1 $1 {The main line 8.Re1 scores better than 8.Nbd2. C54: Giuoco Piano: 4 c3 Nf6, main lines with 5 d4 and 5 d3.} O-O 9. h3 Re8 10. Nbd2 {White has an edge.} Be6 11. Bxe6 Rxe6 12. b4 Ba7 13. Bb2 {[#]} Nh7 $146 ({Predecessor:} 13... Qd7 14. Nf1 Rd8 15. Ng3 d5 16. Qc2 b5 17. axb5 axb5 18. Rad1 dxe4 19. dxe4 Rd6 20. Rxd6 cxd6 {½-½ (37) Karjakin,S (2754)-Harikrishna,P (2724) Jerusalem 2019}) 14. Nf1 Ne7 15. d4 Ng6 16. Ng3 Nh4 (16... c6 $11 {keeps the balance.}) 17. a5 (17. Nxh4 $16 Qxh4 18. Nf5) 17... Nxf3+ 18. Qxf3 ({And not} 18. gxf3 Qh4 $17) 18... g6 19. Rad1 Qh4 20. c4 Bxd4 21. Bxd4 exd4 22. Rxd4 Rae8 23. Qd3 f5 24. c5 {[%cal Rc5d6]} Qe7 25. cxd6 cxd6 26. Qd2 Kg7 27. Rd1 fxe4 28. Rxd6 (28. Ne2 {with more complications.} e3 29. fxe3 Rxe3 30. Nf4 Qe5 31. Rf1) 28... Rxd6 29. Qxd6 Qxd6 (29... Nf6 {is interesting.} 30. Nf1 Qxd6 31. Rxd6 Re5 32. Ne3 Rb5) 30. Rxd6 $14 {[%mdl 4096] Endgame And now Rd7+ would win. KRN-KRN} Nf6 31. Ne2 e3 32. fxe3 Rxe3 33. Nf4 {Black must now prevent Rxf6!} Re4 34. Nd3 Re7 35. Nc5 Kf7 36. Kf2 Ne4+ 37. Nxe4 Rxe4 {KR-KR} 38. Rb6 $1 {[%cal Rb6b7]} Re7 39. Kf3 Kg7 40. Kf4 h5 41. h4 Kh6 $1 {The position is equal.} 42. g3 Kg7 43. Rd6 Kh6 44. Rf6 Kh7 45. Rb6 Kg7 46. b5 axb5 47. Rxb5 Kh6 48. Kf3 Kg7 49. Rd5 Kh6 50. Rc5 Kg7 51. Kf4 Kh6 52. Rb5 Kg7 53. Re5 Rc7 54. Ke4 Rc3 55. Rg5 b6 {[%cal Bb7b6,Bb6b5][%mdl 32]} 56. Kd4 Rc6 $1 57. a6 {[#] Rb5 is the strong threat.} b5 $1 {Accuracy: White = 90%, Black = 97%.} 1/2-1/2

[Event "Prague Festival Masters 2020"]
[Site "Prague"]
[Date "2020.02.20"]
[Round "8.4"]
[White "Vitiugov, Nikita"]
[Black "Duda, Jan-Krzysztof"]
[Result "1/2-1/2"]
[WhiteElo "2731"]
[BlackElo "2755"]
[Annotator "TA"]
[PlyCount "136"]
[EventDate "2020.02.12"]
[EventType "tourn"]
[EventCountry "CZE"]
[SourceTitle "playchess.com"]
[Source "ChessBase"]
[SourceQuality "1"]

{[%evp 9,136,6,15,12,11,16,18,21,14,13,27,7,28,7,15,13,12,12,20,31,33,36,49,35,61,58,55,44,67,41,37,45,37,40,47,44,27,35,48,37,51,22,64,58,45,36,45,47,127,27,27,27,29,30,30,30,30,30,30,14,631,91,235,235,217,183,183,183,183,162,183,171,153,166,175,114,166,166,291,292,446,446,456,456,456,456,456,456,456,350,12818,12826,12830,456,12843,12843,12843,0,474,0,12843,12844,12844,456,456,456,456,379,379,0,0,0,0,0,0,0,0,0,0,0,0,0,0,0,0,0,0,0,0]} 1. d4 Nf6 2. Nf3 d5 3. Bf4 Bf5 4. c4 e6 5. Nc3 Bd6 6. Bxd6 {D06: Queen's Gambit: Symmetrical and Baltic Defences.} Qxd6 7. e3 O-O 8. Qb3 b6 9. Rc1 c6 10. Be2 Nbd7 11. O-O h6 12. cxd5 exd5 13. Rfd1 {[#]} b5 $146 (13... a5 {is interesting.} 14. Bd3 Bg4 15. Qc2 Rfe8 16. Be2 Rab8) ({Predecessor:} 13... Rfd8 14. h3 a5 15. a3 Rab8 16. Qa2 Ne4 17. Bd3 Ndf6 18. Ne5 Rbc8 19. Ne2 Be6 {½-½ (44) Dorfman,J (2596)-Cuijpers,F (2450) Germany 2000}) 14. Bd3 Bxd3 15. Rxd3 Rfc8 16. Rd2 Nb6 17. Qd1 a5 18. Rdc2 a4 19. Nb1 Nc4 20. b3 axb3 21. axb3 Na5 22. Qd3 (22. Nbd2 {feels hotter.} Nb7 23. Ne1 b4 24. h3 Nd8 25. Nd3) 22... Ne4 23. Nbd2 Nxd2 24. Nxd2 Nb7 25. g3 Ra3 26. Qf5 Rc7 27. e4 dxe4 28. Nxe4 Qxd4 ({Black should play} 28... Qd7 $14 29. Qxd7 Rxd7) 29. Rxc6 (29. Rd2 $16 Qb4 30. Re1) 29... Rxc6 $11 30. Rxc6 {Rc7! is the strong threat.} Rxb3 31. Rc7 $1 {[%csl LRb7,LRf7]} Nd8 $1 32. Rd7 Qa1+ 33. Kg2 {[%cal Rd7d8]} Qa8 34. Kh3 $40 {[%mdl 128] White attacks.} Rb4 $2 {[%mdl 8192]} (34... b4 $11) 35. f3 $2 (35. Nd6 $18 {[%cal Rd6f7] and the rest is easy.} Rd4 36. Re7) 35... Ra4 (35... Rb3 $16 {is a better defense.}) 36. Re7 $1 $18 {[%cal Re7e8]} ({Inferior is} 36. Qxb5 Ra5 $11) 36... Qc6 {[#]} 37. Nd6 $1 {[%mdl 576] Deflection} Qxd6 38. Re8+ Qf8 39. Rxf8+ Kxf8 {[%mdl 4096] Endgame KQ-KRN} 40. Qc5+ Kg8 41. Qxb5 Rd4 42. Qe8+ $1 Kh7 43. f4 $1 g6 (43... Rd1 {was called for.} 44. Qa4 Rd2 45. Qe4+ Kg8 46. Qe8+ Kh7 47. Qe4+ Kh8 48. Qe8+ Kh7) 44. g4 $1 Rd3+ (44... Rd5 $142 45. f5 Kg7) 45. Kg2 Kg7 {[#]} 46. f5 $1 gxf5 47. gxf5 Rd6 {[#]} 48. Qe7 $1 Rd5 49. h4 ({Less strong is} 49. f6+ Kg6 $14) 49... Rxf5 $2 (49... h5 50. Qg5+ Kf8 51. Qxh5 f6) 50. Qxd8 {KQ-KR} Rf4 51. Qc8 (51. Kh3 $142 Re4 52. Qd3) 51... Re4 (51... h5 $142 52. Qc5 Rg4+ 53. Kh3 Kg6 54. Qc2+ Kg7) 52. Qc3+ Kg8 53. Qc8+ (53. Qg3+ $142 Kf8 54. Qa3+ Kg7 55. Qg3+ Kf8 56. Qa3+ Kg7 57. Qa1+ f6 58. h5) 53... Kg7 54. Qc3+ Kg8 $1 55. Qg3+ Kf8 56. Qd3 (56. Qa3+ $142 Kg7 57. Qa1+ Kg6 {[#]} 58. Qb1 $1 {[%mdl 512]}) 56... Rg4+ 57. Kf3 Rg6 58. h5 Rg5 59. Qh7 $2 (59. Qd6+ $18 Kg7 60. Qd4+ Kg8 61. Qh4) 59... Rxh5 $11 {The position is equal.} 60. Kf4 Ke7 61. Qg7 Rg5 62. Qxh6 (62. Qd4 {with more complications.}) 62... Rg6 63. Qh8 Rf6+ 64. Ke5 Re6+ 65. Kf5 Rg6 66. Qb8 Rf6+ 67. Ke5 {Threatening mate with Qc7+.} Re6+ 68. Kd5 Rg6 {Blacks defense is rewarded with a draw. Accuracy: White = 77%, Black = 67%.} 1/2-1/2

[Event "Prague Festival Masters 2020"]
[Site "Prague"]
[Date "2020.02.20"]
[Round "8.5"]
[White "Vidit, Santosh Gujrathi"]
[Black "Navara, David"]
[Result "0-1"]
[WhiteElo "2721"]
[BlackElo "2717"]
[Annotator "TA"]
[PlyCount "128"]
[EventDate "2020.02.12"]
[EventType "tourn"]
[EventCountry "CZE"]
[SourceTitle "playchess.com"]
[Source "ChessBase"]
[SourceQuality "1"]

{[%evp 9,128,5,12,11,18,15,25,18,29,12,49,44,49,31,51,42,87,90,87,75,155,163,187,183,158,145,278,288,324,305,297,239,219,85,76,85,124,115,119,117,161,120,407,402,474,477,466,462,478,467,465,444,438,433,556,567,527,64,64,64,74,67,85,29,56,30,29,21,21,18,18,19,43,0,19,0,8,0,0,0,8,8,8,8,8,12,15,0,0,0,0,0,0,0,8,0,0,0,0,0,0,-128,-122,-268,-291,-564,-552,-2197,-4598,-2674,-2171,-29968,-29968,-29980,-29980,-29985,-29986,-29986,-29987,-29987,-29988]} 1. d4 Nf6 2. c4 e6 3. Nf3 b6 4. a3 Bb7 5. Bf4 d5 6. cxd5 {E12: Queen's Indian: Unusual White 4th moves, 4 a3, 4 Nc3 Bb7 5 a3 and 4 Nc3 Bb7 .} Nxd5 7. Bg3 Nd7 {[#]} 8. e4 $146 {White has an edge.} ({Predecessor:} 8. Nbd2 N5f6 9. e3 Bd6 10. Nc4 Qe7 11. Nxd6+ cxd6 12. Be2 O-O 13. O-O Ne4 14. Rc1 Nxg3 15. hxg3 {½-½ (74) Sakaev,K (2596)-Zhigalko,S (2571) Moscow 2019}) 8... N5f6 9. e5 Nh5 10. Nc3 Be7 11. Bc4 a6 12. d5 $36 {[%mdl 2048] White has some pressure.} exd5 13. Bxd5 Nxg3 14. hxg3 c6 (14... Nc5 $142) 15. Bxf7+ $1 $16 Kxf7 {[#]} 16. e6+ $1 {[%mdl 576] Decoy} Kxe6 17. Qe2+ Kf7 (17... Kd6 $16 {might work better.}) 18. O-O-O $1 $18 {And now Rxd7! would win.} Bf6 19. Ne4 $1 Qe7 ({But not} 19... Kf8 $6 20. Nxf6 gxf6 21. Qe6 $18) 20. Nd6+ {[%mdl 64] Double Attack} Kf8 21. Qxe7+ (21. Qc2 $1 $18 {and the rest is easy. aiming for Rhe1.} Qe6 22. Nxb7) 21... Bxe7 $16 22. Nxb7 Nf6 23. Ne5 {Strongly threatening Ng6+!} Nd5 24. Kb1 Rc8 25. Rhe1 Bxa3 $2 {[%mdl 8192]} (25... g5 $16 {was called for.} 26. Nxc6 {[%mdl 64] Remove Defender} Rxc6) 26. Nxc6 $18 ({Not} 26. bxa3 Nc3+ 27. Kc2 Nxd1 $18) 26... Bb4 27. Nxb4 Nxb4 28. Rd7 h5 29. Nd6 Ra8 30. Ree7 Rh7 31. Ne4 Rh6 32. Rxg7 {Intending Ng5 and mate.} Rd8 33. b3 $2 ({Less strong is} 33. Rxd8+ Kxg7 34. Kc1 Re6 $16) (33. Rdf7+ $18 Ke8 34. b3 Rd1+ 35. Kb2) 33... Rxd7 $14 34. Rxd7 {[%mdl 4096] Endgame KRN-KRN} a5 35. f3 Rc6 36. Rd2 (36. Rh7 $16) 36... Kf7 37. Kb2 Ke6 38. Nc3 Rd6 39. Re2+ Kf5 40. Ne4 Rd1 41. Nc3 Rd3 42. Nb1 Nd5 43. Kc2 Nb4+ 44. Kb2 Nd5 45. Na3 Ne3 46. Nc4 Nxc4+ 47. bxc4 $11 {KR-KR} a4 48. Kc2 Rb3 49. Rd2 Rb4 50. Kc3 Rb3+ 51. Kc2 {With the idea Rd5+.} Rb4 52. Kc3 Rb3+ 53. Kd4 a3 54. Ra2 Ke6 55. c5 (55. Ra1 $11 {keeps the balance.}) 55... b5 $1 $17 {[%cal Bb6b5,Bb5b4,Bb4b3,Bb3b2][%mdl 32] Threatens to win with ...b4.} 56. g4 {[#]} (56. Ra1 $17) 56... hxg4 $1 $19 57. fxg4 $2 {[#]} (57. Ra1 gxf3 58. gxf3) 57... b4 $1 58. g5 Rb2 59. Ra1 a2 60. g6 b3 {Black mates.} 61. c6 Rc2 62. Rf1 b2 63. g7 Rxg2 64. c7 Kd7 {Black used his chance. Accuracy: White = 64%, Black = 77%.} 0-1